000
00275nam a2200121Ia 4500
008
190216s9999||||xx |||||||||||||| ||und||
100
_a
Ludon Marc G
245
0
_a
Organic Chemistry
260
_b
Oxford University Press
300
_a
1361
650
_a
Chemistry
942
_c
BK
999
_c
3294
_d
3294